Países mais indígenas na América Latina - Statistics

Estatísticas Gerais
  • Esse quiz foi jogado 69 vezes
  • A pontuação média é 11 de 20
Estatísticas das Respostas
# Países (%) População % Correto
1 Bolivia 62%
100%
2 Guatemala 43%
77%
3 Peru 26%
73%
4 México 11%
59%
5 Equador 7%
58%
16 Brasil 0,47%
56%
7 Panamá 6%
56%
9 Chile 5%
55%
6 Honduras 6%
55%
13 Paraguai 2%
55%
10 Nicaraguá 5%
53%
12 Venezuela 3%
53%
8 El Salvador 5%
52%
11 Colômbia 4%
50%
17 Uruguai 0,02%
50%
15 Argentina 0,8%
48%
14 Costa Rica 2%
47%
20 Haiti 0%
41%
18 Cuba 0,01%
38%
19 República Dominicana 0,01%
38%
Nenhum quiz correspondente encontrado
Distribuição das Pontuações
Porcentagem de Pessoas com Cada Pontuação
Percentil de Números Respondidos
Sua Pontuação Histórica
Você não jogou esse quiz